[Event "Ho Chi Minh City HD Bank op 2nd"]
[Site "Ho Chi Minh City"]
[Date "2012.03.02"]
[Round "1"]
[White "Tran, Quoc Dung"]
[Black "Gao, Hanxue"]
[Result "1-0"]
[WhiteElo "2296"]
[BlackElo "1751"]
[PlyCount "117"]
[EventDate "2012.03.02"]
[EventType "swiss"]
[EventRounds "9"]
[EventCountry "VIE"]
[SourceTitle "CBM 147 Extra"]
[Source "ChessBase"]
[SourceDate "2012.04.24"]
[SourceVersion "1"]
[SourceVersionDate "2012.04.24"]
[SourceQuality "1"]

1. d4 d5 2. Nf3 Nf6 3. g3 Bf5 4. Bg2 e6 5. 0-0 c5 6. c4 Nc6 7. Nc3 Be7 8. dxc5 dxc4 9. Qa4 Bxc5 10. Ne5 0-0 11. Nxc6 bxc6 12. Qxc4 Qd4 13. Qxd4 Bxd4 14. Bxc6 Rac8 15. Bb7 Rc7 16. Bf3 Bxc3 17. bxc3 Rxc3 18. a4 Ne4 19. Kg2 Nc5 20. Bf4 Rc4 21. a5 Nb3 22. Ra2 Nd4 23. Bb7 Nb5 24. Rb2 Nc7 25. e4 Bg6 26. Rd1 f6 27. Rd7 Rf7 28. Rbd2 e5 29. Be3 Nb5 30. Rd8+ Rf8 31. Bd5+ Bf7 32. Bxc4 Bxc4 33. Bc5 Rxd8 34. Rxd8+ Kf7 35. Bxa7 Nxa7 36. Rd7+ Kg6 37. Rxa7 h6 38. Rc7 Bd3 39. Kf3 Ba6 40. g4 Kh7 41. Rc6 Bb5 42. Rb6 Bf1 43. a6 Bxa6 44. Rxa6 Kg6 45. Ra7 Kg5 46. Kg3 h5 47. gxh5 Kxh5 48. Rxg7 Kh6 49. Rg8 Kh7 50. Rg4 Kh6 51. Kh4 f5 52. exf5 e4 53. f6 e3 54. fxe3 Kh7 55. Kh5 Kh8 56. f7 Kh7 57. e4 Kh8 58. f8Q+ Kh7 59. Qg7# 1-0